MARC

Tag First Indicator Second Indicator Subfields
LEADER 00000cam a2200000 i 4500
001 in00000034413
005 20240304190125.0
008 890221t19881988au a i000 0 eng
010 |a  89115514  
019 |a 18315113 
020 |a 9201551886 
020 |a 9789201551887 
029 1 |a AU@  |b 000006115278 
029 1 |a AU@  |b 000028056517 
029 1 |a AU@  |b 000049626386 
029 1 |a DEBBG  |b BV002213843 
029 1 |a GBVCP  |b 016155203 
029 1 |a GBVCP  |b 017024269 
029 1 |a NLGGC  |b 061314722 
029 1 |a NZ1  |b 3411805 
035 |a (OCoLC)ocm27188205  
035 |a (OCoLC)27188205  |z (OCoLC)18315113 
035 |a (OCoLC)ocm27188205  
040 |a DLC  |b eng  |e rda  |c DLC  |d BAKER  |d BTCTA  |d DEBBG  |d BDX  |d GBVCP  |d OCLCO  |d OCLCF  |d BEDGE  |d OCLCQ  |d V5E  |d ORE  |d OCLCO 
041 |a eng 
050 0 0 |a HD9698.A1  |b I6 no. 281 
080 |a 621.039  |b D489 
084 |a IND 990f  |2 stub 
084 |a NUC 007f  |2 stub 
084 |a 52.55  |2 bcl 
088 |a STI DOC 10 281 
245 0 0 |a Developing industrial infrastructures to support a programme of nuclear power :  |b a guidebook. 
264 1 |a Vienna :  |b International Atomic Energy Agency,  |c 1988. 
264 4 |c ©1988 
300 |a 171 pages :  |b illustrations ;  |c 24 cm. 
336 |a text  |b txt  |2 rdacontent 
337 |a unmediated  |b n  |2 rdamedia 
338 |a volume  |b nc  |2 rdacarrier 
490 1 |a Technical reports series ;  |v no. 281 
500 |a "STI/DOC/10/281"--Title page verso. 
500 |a Errata slip inserted. 
650 0 |a Nuclear industry  |x Planning. 
650 0 |a Nuclear power plants  |x Design and construction. 
650 0 |a Infrastructure (Economics)  |x Planning. 
650 6 |a Industrie nucléaire  |x Planification. 
650 6 |a Centrales nucléaires  |x Conception et construction. 
650 7 |a Energie nucléaire.  |2 eclas 
650 7 |a Aspects industriels.  |2 eclas 
650 7 |a Infrastructure (Economics)  |x Planning.  |2 fast  |0 (OCoLC)fst00973296 
650 7 |a Nuclear industry  |x Planning.  |2 fast  |0 (OCoLC)fst01040301 
650 7 |a Nuclear power plants  |x Design and construction.  |2 fast  |0 (OCoLC)fst01040481 
650 7 |a Infrastruktur  |2 gnd 
650 7 |a Kerntechnische Industrie  |2 gnd 
653 0 |a Infrastructure (Economics)  |a Planning 
653 0 |a Nuclear industry  |a Planning 
653 0 |a Nuclear power plants  |a Design and construction 
710 2 |a International Atomic Energy Agency,  |e publisher. 
830 0 |a Technical reports series (International Atomic Energy Agency) ;  |v no. 281. 
856 4 1 |z Full Text  |u http://libweb.iaea.org/lib/techrep/trs281.pdf  |t 0 
938 |a Baker & Taylor  |b BKTY  |c 42.00  |d 42.00  |i 9201551886  |n 0001458529  |s active 
938 |a Brodart  |b BROD  |n 39974685  |c $42.00 
938 |a Baker and Taylor  |b BTCP  |n 89115514 
948 |h HELD BY TXA - 61 OTHER HOLDINGS 
994 |a Z0  |b TXA 
999 f f |s 9095b020-4031-3d4d-8d68-3cadec2d31e9  |i 89d80c25-a8e8-3fc7-9c2b-f2a6375e3649  |t 0 
952 f f |p ric  |a Texas A&M University  |b Rellis Campus  |c Joint Library Facility  |s JLF  |d Remote Storage  |t 0  |e HD9698.A1 I6 no.281  |h Library of Congress classification  |i unmediated -- volume  |m A14811554611